[Event "HSK Oster Open 2025"]
[Site "HSK Schachzentrum"]
[Date "2025.04.20"]
[Round "6.13"]
[White "Rudolph, Max"]
[Black "Kollath, Leno"]
[Result "1/2-1/2"]
[WhiteElo "1864"]
[BlackElo "1705"]
[PlyCount "48"]
[EventDate "2025.04.18"]

1. e4 e5 2. Nf3 Nc6 3. Bc4 Bc5 4. b4 Bxb4 5. c3 Ba5 6. d4 d6 7. Qb3 Qd7 8. O-O
Bb6 9. Bb5 a6 10. Ba4 Ba5 11. Bxc6 Qxc6 12. dxe5 Be6 {(=)} 13. Nd4 Bxb3 14.
Nxc6 bxc6 15. axb3 Bb6 16. Bf4 d5 17. Nd2 Ne7 18. Ra4 Ng6 19. Bg3 Kd7 20. Rd1
Ke6 21. exd5+ cxd5 22. Nf3 h6 23. Nd4+ Bxd4 24. cxd4 Rhb8 1/2-1/2

[Event "HSK Oster Open 2025"]
[Site "HSK Schachzentrum"]
[Date "2025.04.20"]
[Round "6.14"]
[White "Sharma, Rishi"]
[Black "Iachanou, Daniel"]
[Result "1/2-1/2"]
[WhiteElo "1850"]
[BlackElo "1704"]
[PlyCount "32"]
[EventDate "2025.04.18"]

1. Nf3 e6 2. d4 Nf6 3. c4 d5 4. e3 Nbd7 5. Bd3 dxc4 6. Bxc4 Bd6 7. Nc3 c6 8. e4
Bb4 9. Bd3 c5 10. O-O O-O 11. e5 cxd4 12. exf6 dxc3 13. bxc3 Bxc3 14. Ba3 Bxa1
15. Be7 Qa5 16. fxg7 Bxg7 1/2-1/2

[Event "HSK Oster Open 2025"]
[Site "HSK Schachzentrum"]
[Date "2025.04.20"]
[Round "6.15"]
[White "Lasschuit, Rene"]
[Black "Knaak, Michael"]
[Result "0-1"]
[WhiteElo "1701"]
[BlackElo "1842"]
[PlyCount "124"]
[EventDate "2025.04.18"]

1. c4 e5 2. e3 Nf6 3. a3 d6 4. Nc3 g6 5. b4 Bg7 6. Bb2 O-O 7. Nf3 Nbd7 8. d3
Re8 9. Be2 c6 10. e4 Nf8 11. O-O Bg4 12. Nd2 Bxe2 13. Nxe2 Ne6 14. g3 h5 15.
Nf3 Ng4 16. h3 Nh6 17. Qc2 Ng5 18. Nxg5 Qxg5 19. Bc1 Qe7 20. Be3 Kh7 21. Rad1
Ng8 22. f4 Bh6 23. Qd2 Qd7 24. Kg2 f5 25. fxe5 Rxe5 26. Bf4 fxe4 27. dxe4 Rxe4
28. Bxh6 Nxh6 29. Nf4 Rae8 30. Qxd6 Qxd6 31. Rxd6 Nf5 32. Rd7+ R8e7 33. Rfd1
Ne3+ 34. Kf2 Nxd1+ 35. Rxd1 Rf7 36. Kg2 Rxc4 37. Rd6 Rc2+ 38. Kg1 Re7 39. Kf1
Rf7 40. Kg1 h4 41. Nxg6 hxg3 42. Ne5 Rff2 43. Rd7+ Kg8 44. Rd8+ Kg7 45. Rd7+
Kf8 46. Rd1 g2 47. Nd3 Rf1+ 48. Rxf1+ gxf1=Q+ 49. Kxf1 Rc3 50. Nc5 b6 51. Nd7+
Ke7 52. Nb8 Kd6 53. h4 Rh3 54. a4 Kc7 55. Na6+ Kb7 56. b5 c5 57. a5 Rxh4 58.
axb6 axb6 59. Ke2 Ra4 60. Kd3 Rxa6 61. bxa6+ Kxa6 62. Kc4 Ka5 0-1

[Event "HSK Oster Open 2025"]
[Site "HSK Schachzentrum"]
[Date "2025.04.20"]
[Round "6.17"]
[White "Malchereck, Romeo"]
[Black "Atri, Jamshid"]
[Result "0-1"]
[WhiteElo "1740"]
[BlackElo "2029"]
[PlyCount "72"]
[EventDate "2025.04.18"]

1. e4 e5 2. Nf3 Nc6 3. Bb5 Nf6 4. O-O Nxe4 5. Re1 Nd6 6. Nxe5 Be7 7. Bf1 O-O 8.
d4 Nf5 9. c3 Nxe5 10. Rxe5 d6 11. Re1 d5 12. Bd3 Bd6 13. Qc2 g6 14. Nd2 Qh4 15.
Nf3 Qh5 16. Ne5 Nh4 17. Be2 Qf5 18. Qxf5 Nxf5 19. g4 Ng7 20. Bh6 Re8 21. Bf3 c6
22. h3 Ne6 23. Bg2 f6 24. Nd3 Bd7 25. f4 Nd8 26. Rxe8+ Bxe8 27. h4 Nf7 28. g5
Nxh6 29. gxh6 Bd7 30. Re1 Kf7 31. Nc5 Bc8 32. f5 Bxf5 33. Nxb7 Bf8 34. Na5 Bd7
35. a3 Bxh6 36. c4 Bd2 0-1

[Event "HSK Oster Open 2025"]
[Site "HSK Schachzentrum"]
[Date "2025.04.20"]
[Round "6.18"]
[White "Schranz, Patrick"]
[Black "Pittelkow, Andreas"]
[Result "0-1"]
[WhiteElo "1696"]
[BlackElo "2010"]
[PlyCount "120"]
[EventDate "2025.04.18"]

1. d4 Nf6 2. c4 g6 3. Nc3 Bg7 4. Nf3 O-O 5. e3 d6 6. Bd3 Nc6 7. O-O e5 8. d5
Ne7 9. e4 h6 10. Be3 Ng4 11. Qd2 f5 12. exf5 gxf5 13. h3 Nxe3 14. Qxe3 e4 15.
Nxe4 fxe4 16. Bxe4 Bf5 17. Rab1 Qd7 18. Rfe1 Bxe4 19. Qxe4 Rae8 20. Qh4 Ng6 21.
Qh5 Qf7 22. b3 Nf4 23. Qg4 h5 24. Qh4 Nxg2 25. Kxg2 Qxf3+ 26. Kg1 Rxe1+ 27.
Rxe1 Qf4 28. Qxf4 Rxf4 29. Re7 Rf7 30. Re8+ Kh7 31. Ra8 Bd4 32. Rb8 b6 33. Rb7
a5 34. a4 Rxf2 35. Kh1 Rf7 36. Kg2 Kg6 37. Kg3 Kg5 38. h4+ Kf5 39. Rb8 Ke4 40.
Re8+ Kd3 41. Re6 Bf2+ 42. Kh3 Rf4 43. Re7 Rxh4+ 44. Kg2 Rf4 45. Rxc7 Kc3 46.
Rd7 Rf6 47. Re7 Kxb3 48. Re2 Kxc4 49. Kh3 Kxd5 50. Rb2 Kc4 51. Rb5 d5 52. Kg2
Bc5 53. Rb1 d4 54. Rc1+ Kb3 55. Kh3 d3 56. Rd1 Kc2 57. Ra1 d2 58. Ra2+ Kc3 59.
Ra1 Rd6 60. Rd1 Kc2 0-1

[Event "HSK Oster Open 2025"]
[Site "HSK Schachzentrum"]
[Date "2025.04.20"]
[Round "6.20"]
[White "Neumann, Hannes"]
[Black "Perschk, Bendix"]
[Result "1/2-1/2"]
[WhiteElo "1655"]
[BlackElo "1769"]
[PlyCount "57"]
[EventDate "2025.04.18"]

1. e4 Nf6 2. Nc3 d5 3. exd5 Nxd5 4. Nf3 Nc6 5. d4 Bg4 6. Bc4 e6 7. Qe2 Nxd4 8.
Qe4 Nxf3+ 9. gxf3 Bf5 10. Qe5 Qf6 11. Qxf6 Nxf6 12. Bf4 Bb4 13. Bxc7 O-O 14.
Be5 Rfc8 15. Bb3 Nd7 16. Bd4 e5 17. Be3 Rxc3 18. bxc3 Bxc3+ 19. Ke2 Bxa1 20.
Rxa1 a5 21. a4 Rc8 22. Rd1 Kf8 23. Rd2 Ke7 24. f4 Rc3 25. fxe5 Nxe5 26. Bd4
Bg4+ 27. Kf1 Bh3+ 28. Ke2 Bg4+ 29. Kf1 1/2-1/2

[Event "HSK Oster Open 2025"]
[Site "HSK Schachzentrum"]
[Date "2025.04.20"]
[Round "6.22"]
[White "Klaeke, Gregor"]
[Black "Winklmann, Alexander"]
[Result "0-1"]
[WhiteElo "1655"]
[BlackElo "1593"]
[PlyCount "105"]
[EventDate "2025.04.18"]

1. e4 c5 2. Nf3 Nc6 3. Bc4 e6 4. c3 d5 5. exd5 exd5 6. Be2 Nf6 7. d3 Be7 8. O-O
O-O 9. Re1 Re8 10. Bf4 Bd6 11. Bg5 h6 12. Bh4 Bf5 13. Nbd2 Re6 14. Nf1 Qb6 15.
Ne3 Ne7 16. Rb1 Bh7 17. h3 Bf4 18. Bf1 Bxe3 19. fxe3 Nf5 20. Bf2 Rae8 21. Qd2
Qa5 22. b4 cxb4 23. cxb4 Qc7 24. Rbc1 Qe7 25. Nd4 Nxd4 26. exd4 Qd7 27. Rxe6
Rxe6 28. Bg3 Rc6 29. Be5 Bf5 30. Rb1 Qc8 31. Rb2 Nd7 32. Bf4 Nb6 33. b5 Rg6 34.
Kh2 Qe8 35. Rb1 Re6 36. Rc1 Qxb5 37. Rc7 Na4 38. g4 Bg6 39. Be5 Rc6 40. Rd7 Qb1
41. Qf4 Rc2+ 42. Bg2 Qxa2 43. Qf3 Nb6 44. Rxb7 Rf2 45. Qg3 Qd2 46. h4 Bxd3 47.
Kh3 Be4 48. Bxe4 dxe4 49. g5 Rf3 50. gxh6 Rxg3+ 51. Bxg3 gxh6 52. Rxa7 Qxd4 53.
Re7 0-1

[Event "HSK Oster Open 2025"]
[Site "HSK Schachzentrum"]
[Date "2025.04.20"]
[Round "6.23"]
[White "Strate, Gerda"]
[Black "Rojas Albores, Graciela Ivonne"]
[Result "1-0"]
[WhiteElo "1848"]
[BlackElo "1619"]
[PlyCount "129"]
[EventDate "2025.04.18"]

1. e4 e5 2. Nf3 Nc6 3. Bb5 a6 4. Ba4 b5 5. Bb3 h6 6. O-O Bc5 7. c3 Nf6 8. d4
exd4 9. cxd4 Bb6 10. d5 Na5 11. Bc2 d6 12. Qd3 Bg4 13. Nd4 Bxd4 14. Qxd4 c5 15.
dxc6 Nxc6 16. Qd3 Nb4 17. Qd2 Nxc2 18. Qxc2 Rc8 19. Qd3 O-O 20. Nc3 Re8 21. f3
Be6 22. Be3 Bc4 23. Qd2 Bxf1 24. Rxf1 Qd7 25. a3 Rc6 26. Bd4 Qe6 27. Qf2 Rd8
28. Qg3 Kh7 29. Nd5 Rg8 30. Nb4 Rc4 31. Bc3 a5 32. Nd3 Nh5 33. Qf2 a4 34. Qb6
Qd7 35. Qf2 f6 36. g4 Qf7 37. gxh5 Qxh5 38. Kh1 Rgc8 39. Qg3 d5 40. Nf4 Qf7 41.
Nxd5 R4c5 42. Rg1 Rd8 43. Qf4 Rdxd5 44. exd5 Rxd5 45. Qe4+ g6 46. Re1 Rd7 47.
Qe6 g5 48. Bxf6 Qxe6 49. Rxe6 Rd1+ 50. Kg2 Rd2+ 51. Kg3 Rd5 52. Bc3 h5 53. Re5
Rxe5 54. Bxe5 Kg6 55. h4 Kf5 56. Bc7 Kg6 57. Bd8 gxh4+ 58. Bxh4 Kf5 59. Be7 Ke6
60. Bb4 Kf5 61. Bd2 Kf6 62. Kh4 Ke5 63. Kxh5 Kd4 64. Bc3+ Ke3 65. Kg4 1-0

[Event "HSK Oster Open 2025"]
[Site "HSK Schachzentrum"]
[Date "2025.04.20"]
[Round "6.24"]
[White "Koop, Michael"]
[Black "Erk, Ben"]
[Result "0-1"]
[WhiteElo "1569"]
[BlackElo "1743"]
[PlyCount "56"]
[EventDate "2025.04.18"]

1. f4 d5 2. c4 e6 3. cxd5 exd5 4. Nf3 Nf6 5. g3 c5 6. Bg2 Be7 7. b3 Nc6 8. Bb2
Bf5 9. Nh4 Be6 10. Nc3 d4 11. Na4 Nd5 12. e4 Ndb4 13. f5 Bd7 14. Nf3 b5 15. a3
Na6 16. Qe2 Nc7 17. Nxc5 Bxc5 18. Rc1 Bb6 19. g4 Qe7 20. h4 O-O-O 21. d3 Rhe8
22. O-O h5 23. g5 Nd5 24. Qe1 Ne3 25. Rf2 Kb8 26. Bh1 Qd6 27. Re2 Ne5 28. Nd2
Nxd3 0-1

[Event "HSK Oster Open 2025"]
[Site "HSK Schachzentrum"]
[Date "2025.04.20"]
[Round "6.26"]
[White "Queißer, Jens"]
[Black "Kock, Rudolf"]
[Result "1/2-1/2"]
[WhiteElo "1653"]
[BlackElo "1627"]
[PlyCount "36"]
[EventDate "2025.04.18"]

1. d4 g6 2. Nf3 Bg7 3. g3 d6 4. Bg2 Nd7 5. O-O Nb6 6. Nbd2 c6 7. e4 e6 8. c3
Ne7 9. a4 a5 10. b3 Qc7 11. Bb2 d5 12. Re1 O-O 13. Rc1 Bd7 14. Ba3 Nbc8 15. c4
Re8 16. cxd5 exd5 17. exd5 Nxd5 18. Rxe8+ Bxe8 1/2-1/2

[Event "HSK Oster Open 2025"]
[Site "HSK Schachzentrum"]
[Date "2025.04.20"]
[Round "6.27"]
[White "Mkrtchyan, Nona"]
[Black "Ikwuka, God´sfavour"]
[Result "1-0"]
[WhiteElo "1599"]
[BlackElo "1628"]
[PlyCount "79"]
[EventDate "2025.04.18"]

1. e4 e5 2. Nf3 f5 3. Nxe5 Nf6 4. Bc4 d5 5. exd5 Bd6 6. d4 O-O 7. O-O b6 8. Bb3
Ng4 9. Bf4 Qh4 10. h3 Nf6 11. Bg3 Qg5 12. Qf3 Ne4 13. c4 Qf6 14. Re1 Ng5 15.
Qh5 Bd7 16. Bh4 h6 17. f4 Bxe5 18. dxe5 Qf7 19. Qxf7+ Nxf7 20. e6 Nd6 21. exd7
Nxd7 22. Nc3 a5 23. Re7 Rf7 24. Rae1 Nc5 25. Nb5 Nde4 26. Nxc7 Rc8 27. Nb5 g5
28. Rxf7 Kxf7 29. fxg5 hxg5 30. Bxg5 Kg6 31. Be7 Nd3 32. Re2 a4 33. Bc2 Nf4 34.
Re1 Rxc4 35. Bxe4 Rxe4 36. Rxe4 fxe4 37. d6 Kf7 38. Bg5 Ne6 39. d7 e3 40. d8=Q
1-0

[Event "HSK Oster Open 2025"]
[Site "HSK Schachzentrum"]
[Date "2025.04.20"]
[Round "6.29"]
[White "Schwarzkopf, Jörg"]
[Black "Busch, Lara Sophie"]
[Result "1-0"]
[WhiteElo "1863"]
[BlackElo "1651"]
[PlyCount "63"]
[EventDate "2025.04.18"]

1. Nf3 Nc6 2. g3 e5 3. d3 d5 4. Bg2 Nf6 5. O-O Bd6 6. c4 d4 7. a3 a5 8. Nbd2
O-O 9. Ng5 Ne7 10. Rb1 c5 11. Nge4 Nxe4 12. Nxe4 Rb8 13. f4 f6 14. Bd2 b6 15.
Rf2 Bc7 16. Qf1 h6 17. f5 Bd7 18. g4 Kh7 19. h4 Qe8 20. Ng3 Qc8 21. Be4 Kh8 22.
Qc1 Kg8 23. Nh5 Rf7 24. Qf1 Qf8 25. Qg2 Kh8 26. Rbf1 Qe8 27. g5 fxg5 28. hxg5
Ng8 29. gxh6 gxh6 30. Qg6 Bd8 31. Rg2 Qf8 32. Bd5 1-0

[Event "HSK Oster Open 2025"]
[Site "HSK Schachzentrum"]
[Date "2025.04.20"]
[Round "6.30"]
[White "Babychev, Mykhailo"]
[Black "Abram, Kristina-Maria"]
[Result "1-0"]
[WhiteElo "1698"]
[BlackElo "1477"]
[PlyCount "95"]
[EventDate "2025.04.18"]

1. d4 d5 2. c4 e6 3. Nc3 Nf6 4. cxd5 exd5 5. Bg5 Be7 6. e3 h6 7. Bh4 O-O 8. Bd3
c6 9. Nge2 Bg4 10. f3 Bh5 11. O-O Nbd7 12. Bg3 Re8 13. Nf4 Nf8 14. Rc1 Bd6 15.
Nxh5 Nxh5 16. Bxd6 Qxd6 17. Qd2 Ng6 18. Bb1 Re7 19. Rcd1 Rae8 20. e4 dxe4 21.
fxe4 Rd8 22. Qf2 Nhf4 23. Ne2 Nxe2+ 24. Qxe2 Qb4 25. Qf2 Red7 26. d5 Ne5 27. b3
cxd5 28. exd5 Rxd5 29. Rxd5 Rxd5 30. Qxa7 Qc5+ 31. Qxc5 Rxc5 32. Rd1 Kf8 33. a3
Nc6 34. Kf2 Ke7 35. Re1+ Kf6 36. Re3 Ne5 37. Re4 g5 38. Rb4 b5 39. a4 bxa4 40.
bxa4 Rc1 41. a5 Nc6 42. Rb6 Ke5 43. a6 Kd5 44. Rb7 f6 45. Bd3 Ra1 46. Rh7 Nb4
47. Be2 Nxa6 48. Ra7 1-0

[Event "HSK Oster Open 2025"]
[Site "HSK Schachzentrum"]
[Date "2025.04.20"]
[Round "6.31"]
[White "Pavlov, Dmitriy"]
[Black "Mi, Gufeng"]
[Result "0-1"]
[WhiteElo "1647"]
[BlackElo "1659"]
[PlyCount "80"]
[EventDate "2025.04.18"]

1. e4 g5 2. d4 Bg7 3. Bxg5 c5 4. c3 Qb6 5. Qc2 cxd4 6. cxd4 Nc6 7. Nf3 Nxd4 8.
Nxd4 Bxd4 9. Nc3 Qc5 10. Bh4 Nf6 11. Bd3 d6 12. f3 Bd7 13. Bf2 Rc8 14. Bxd4
Qxd4 15. Qd2 Qb6 16. Qf2 Qa5 17. O-O Rg8 18. Rfd1 Qg5 19. Qd2 h5 20. Qxg5 Rxg5
21. Rac1 Rgc5 22. Rc2 Ba4 23. Nxa4 Rxc2 24. Bxc2 Rxc2 25. Rb1 h4 26. Nc3 a6 27.
Nd1 e6 28. Nf2 Nh5 29. Nh3 f6 30. a3 b5 31. b3 a5 32. a4 b4 33. Rd1 Ke7 34. Rd3
Rc3 35. Nf2 Nf4 36. Rd2 Rxb3 37. g3 hxg3 38. hxg3 Ng6 39. Rc2 Rc3 40. Rd2 Rxf3
0-1

[Event "HSK Oster Open 2025"]
[Site "HSK Schachzentrum"]
[Date "2025.04.20"]
[Round "6.34"]
[White "Bezverkhiy, Dmitry"]
[Black "Köhler, Nils"]
[Result "1-0"]
[WhiteElo "1598"]
[BlackElo "1513"]
[PlyCount "39"]
[EventDate "2025.04.18"]

1. d4 Nf6 2. Bf4 e6 3. e3 d5 4. Nd2 Bd6 5. Bg3 O-O 6. Ngf3 Nc6 7. c4 dxc4 8.
Bxc4 Re8 9. Ne5 Bxe5 10. dxe5 Nd5 11. a3 a6 12. O-O b5 13. Ba2 Bb7 14. Qh5 Nxe3
15. fxe3 Qxd2 16. Qxf7+ Kh8 17. Rad1 Qxe3+ 18. Rf2 Nxe5 19. Bxe5 Rf8 20. Qxg7#
1-0

[Event "HSK Oster Open 2025"]
[Site "HSK Schachzentrum"]
[Date "2025.04.21"]
[Round "7.1"]
[White "Koniahli, Malek"]
[Black "Holinka, Henning"]
[Result "1/2-1/2"]
[WhiteElo "2309"]
[BlackElo "2292"]
[PlyCount "25"]
[EventDate "2025.04.18"]

1. e4 c5 2. Nf3 d6 3. d4 cxd4 4. Nxd4 Nf6 5. Nc3 a6 6. Be2 e5 7. Nb3 Be7 8. O-O
O-O 9. Kh1 b6 10. f4 Bb7 11. Bf3 Nbd7 12. Qe1 b5 13. a3 1/2-1/2

[Event "HSK Oster Open 2025"]
[Site "HSK Schachzentrum"]
[Date "2025.04.21"]
[Round "7.2"]
[White "Kotyk, Michael"]
[Black "Bracker, Arne"]
[Result "1/2-1/2"]
[WhiteElo "2239"]
[BlackElo "2289"]
[PlyCount "108"]
[EventDate "2025.04.18"]

1. e4 e5 2. Nf3 Nc6 3. d4 exd4 4. Nxd4 Nf6 5. Nxc6 bxc6 6. Bd3 d5 7. exd5 cxd5
8. O-O Be7 9. c4 d4 10. Bg5 O-O 11. Nd2 c5 12. Re1 h6 13. Qe2 hxg5 14. Qxe7
Qxe7 15. Rxe7 Be6 16. Re1 Rfb8 17. Nb3 Rb4 18. Nxc5 Rxb2 19. a4 Rd2 20. Bf1 Bf5
21. Nb3 Ra2 22. Nxd4 Bd7 23. Nf3 g4 24. Ng5 Re8 25. Rxe8+ Bxe8 26. c5 Rxa4 27.
Rc1 Bc6 28. Bc4 Nd5 29. h3 gxh3 30. Bxd5 Bxd5 31. c6 Rc4 32. Rxc4 Bxc4 33. c7
Ba6 34. Ne4 hxg2 35. Nd6 Kf8 36. c8=Q+ Bxc8 37. Nxc8 a5 38. Nb6 Ke7 39. Kxg2
Kf6 40. Kf3 Kg5 41. Na4 Kf5 42. Nc5 Kg5 43. Ke4 Kg4 44. Na4 f5+ 45. Ke3 g5 46.
Nc3 Kh3 47. Kf3 Kh2 48. Na4 Kg1 49. Kg3 Kf1 50. Kf3 g4+ 51. Kg3 Ke2 52. Nc5 f4+
53. Kxf4 Kxf2 54. Kxg4 a4 1/2-1/2

[Event "HSK Oster Open 2025"]
[Site "HSK Schachzentrum"]
[Date "2025.04.21"]
[Round "7.3"]
[White "Heins, Simon"]
[Black "Colpe, Malte"]
[Result "0-1"]
[WhiteElo "1777"]
[BlackElo "2373"]
[PlyCount "50"]
[EventDate "2025.04.18"]

1. e4 e5 2. Nf3 Nc6 3. Bc4 Bc5 4. c3 Nf6 5. d4 exd4 6. e5 d5 7. Bb5 Ne4 8. cxd4
Bb6 9. O-O Bg4 10. Be3 O-O 11. Bxc6 bxc6 12. Nc3 f5 13. Qc1 Qd7 14. a4 a5 15.
Nxe4 dxe4 16. Ng5 Be2 17. Re1 Bd3 18. Qc3 f4 19. Bc1 Qd5 20. Nh3 Bxd4 21. Qa3
Bxe5 22. g3 f3 23. Qe7 Rae8 24. Qh4 Bf6 25. Qg4 h5 0-1

[Event "HSK Oster Open 2025"]
[Site "HSK Schachzentrum"]
[Date "2025.04.21"]
[Round "7.4"]
[White "Keyser, Robin"]
[Black "Hort, Max"]
[Result "1/2-1/2"]
[WhiteElo "2169"]
[BlackElo "2007"]
[PlyCount "104"]
[EventDate "2025.04.18"]

1. Nf3 d5 2. g3 Nf6 3. Bg2 c6 4. O-O Bg4 5. h3 Bh5 6. c4 e6 7. Qb3 Qb6 8. d3
Nbd7 9. Qc2 Bd6 10. cxd5 exd5 11. e4 O-O 12. Be3 Qc7 13. Nh4 dxe4 14. dxe4 Bg6
15. Nd2 Nd5 16. Bd4 Ne7 17. f4 f6 18. Nxg6 Nxg6 19. Rad1 Kh8 20. h4 Rad8 21. h5
Ne7 22. Nf3 c5 23. Bc3 h6 24. Kh1 b5 25. Qd3 Nb8 26. Qxb5 Nbc6 27. Qc4 Qc8 28.
Qe2 Qg4 29. Ng1 Qe6 30. b3 Bc7 31. Bh3 Qf7 32. Rxd8 Rxd8 33. g4 Nd4 34. Qc4
Qxc4 35. bxc4 Nec6 36. Bg2 Nc2 37. e5 N6d4 38. exf6 gxf6 39. Rf3 Rb8 40. f5 Be5
41. Bxd4 cxd4 42. Rb3 Rxb3 43. axb3 d3 44. Be4 Ne1 45. Nf3 Bc3 46. c5 d2 47.
Nxd2 Bxd2 48. c6 Bf4 49. Kg1 Bg3 50. Kf1 Kg7 51. c7 Bxc7 52. Kxe1 Bb6 1/2-1/2

[Event "HSK Oster Open 2025"]
[Site "HSK Schachzentrum"]
[Date "2025.04.21"]
[Round "7.6"]
[White "Holmsgaard, Henrik"]
[Black "Kahlert, Thomas"]
[Result "1/2-1/2"]
[WhiteElo "2146"]
[BlackElo "2104"]
[PlyCount "25"]
[EventDate "2025.04.18"]

1. e4 e5 2. Nf3 Nc6 3. Bc4 Nf6 4. d3 Be7 5. O-O O-O 6. Re1 d6 7. a4 Na5 8. Ba2
c5 9. Nbd2 h6 10. Nf1 Re8 11. Ng3 Bf8 12. c3 Nc6 13. h3 1/2-1/2

[Event "HSK Oster Open 2025"]
[Site "HSK Schachzentrum"]
[Date "2025.04.21"]
[Round "7.7"]
[White "Schiller, Thomas"]
[Black "Kellner, Anton"]
[Result "1/2-1/2"]
[WhiteElo "1877"]
[BlackElo "1797"]
[PlyCount "51"]
[EventDate "2025.04.18"]

1. e4 c5 2. c3 Nf6 3. e5 Nd5 4. d4 cxd4 5. Nf3 Nc6 6. cxd4 d6 7. Bc4 Nb6 8. Bb3
e6 9. O-O dxe5 10. dxe5 Qxd1 11. Rxd1 Be7 12. Nc3 O-O 13. Be3 Nd7 14. Bf4 Nc5
15. Bc4 a6 16. a4 Na5 17. Ba2 Nab3 18. Rab1 b6 19. Nd4 Nxd4 20. Rxd4 a5 21.
Rbd1 Ba6 22. Be3 Rfd8 23. Bb1 Rxd4 24. Rxd4 Rd8 25. Bc2 Rxd4 26. Bxd4 1/2-1/2

[Event "HSK Oster Open 2025"]
[Site "HSK Schachzentrum"]
[Date "2025.04.21"]
[Round "7.8"]
[White "Knaak, Michael"]
[Black "Malchereck, Zion"]
[Result "0-1"]
[WhiteElo "1842"]
[BlackElo "2063"]
[PlyCount "56"]
[EventDate "2025.04.18"]

1. e4 c5 2. c3 d5 3. exd5 Qxd5 4. Nf3 e5 5. Na3 Nc6 6. Bc4 Qe4+ 7. Be2 Bd6 8.
O-O Nge7 9. d3 Qg6 10. Nc4 O-O 11. Nxd6 Qxd6 12. Be3 Nd5 13. d4 cxd4 14. cxd4
e4 15. Ng5 Nxe3 16. fxe3 Qd5 17. Nxf7 Rxf7 18. Rc1 Kh8 19. Bc4 Rxf1+ 20. Qxf1
Qf5 21. Qe2 Be6 22. Rf1 Bxc4 23. Qxc4 Qg6 24. Rf7 Re8 25. b4 Nd8 26. Rf4 Qc6
27. Qf1 Kg8 28. Qb1 Qc3 0-1

[Event "HSK Oster Open 2025"]
[Site "HSK Schachzentrum"]
[Date "2025.04.21"]
[Round "7.9"]
[White "Falke, Ornella"]
[Black "Sharma, Rishi"]
[Result "1-0"]
[WhiteElo "2047"]
[BlackElo "1850"]
[PlyCount "67"]
[EventDate "2025.04.18"]

1. e4 e6 2. d3 d5 3. Nd2 Bc5 4. Ngf3 Nf6 5. e5 Nfd7 6. d4 Bb6 7. c3 c5 8. dxc5
Bxc5 9. Nb3 Bb6 10. Bf4 Qc7 11. Bd3 Nc6 12. Qe2 a5 13. a4 Nc5 14. Nxc5 Bxc5 15.
Bg3 Bd7 16. O-O h5 17. h4 O-O-O 18. Rfc1 f6 19. b4 Ba7 20. b5 Nxe5 21. Nxe5
fxe5 22. Bxe5 Bxf2+ 23. Kxf2 Qc5+ 24. Bd4 Qe7 25. g3 Rhf8+ 26. Kg2 g5 27. c4
gxh4 28. cxd5+ Kb8 29. Qe5+ Ka8 30. Qc7 Qb4 31. Bc3 h3+ 32. Kh1 Rf1+ 33. Rxf1
Qb3 34. Qxd8+ 1-0

[Event "HSK Oster Open 2025"]
[Site "HSK Schachzentrum"]
[Date "2025.04.21"]
[Round "7.10"]
[White "Atri, Jamshid"]
[Black "Speck, Jakob"]
[Result "1/2-1/2"]
[WhiteElo "2029"]
[BlackElo "1817"]
[PlyCount "85"]
[EventDate "2025.04.18"]

1. e4 c5 2. Nf3 e6 3. d4 cxd4 4. Nxd4 a6 5. c4 Nf6 6. Nc3 Qc7 7. a3 b6 8. Be2
Bb7 9. f3 d6 10. Be3 Nbd7 11. Rc1 Rc8 12. O-O Be7 13. Qd2 O-O 14. Rfd1 Qb8 15.
b4 Bd8 16. Nb3 Bc7 17. Bf4 Ne5 18. Bxe5 dxe5 19. c5 Rfd8 20. Qe3 Rxd1+ 21. Rxd1
bxc5 22. Nxc5 Qa7 23. Kf2 Bc6 24. Bxa6 Rd8 25. Rxd8+ Bxd8 26. Bb5 Qxa3 27. Bxc6
Qxb4 28. N3a4 Ba5 29. g3 Qc4 30. Kg2 Bb4 31. Qd3 Qa2+ 32. Kh3 g5 33. Nd7 g4+
34. fxg4 Nxg4 35. Kxg4 Qxh2 36. Nf6+ Kg7 37. Ne8+ Kg6 38. Nf6 h5+ 39. Kf3 Qh1+
40. Ke2 Qh2+ 41. Kf1 Qh1+ 42. Ke2 Qe1+ 43. Kf3 1/2-1/2

[Event "HSK Oster Open 2025"]
[Site "HSK Schachzentrum"]
[Date "2025.04.21"]
[Round "7.11"]
[White "Pittelkow, Andreas"]
[Black "Iachanou, Daniel"]
[Result "1-0"]
[WhiteElo "2010"]
[BlackElo "1704"]
[PlyCount "41"]
[EventDate "2025.04.18"]

1. Nf3 e6 2. g3 d5 3. Bg2 Nf6 4. O-O Nbd7 5. d3 g6 6. Nbd2 Bg7 7. e4 dxe4 8.
dxe4 e5 {(=)} 9. Qe2 O-O 10. Rd1 Qe7 11. Nc4 b6 12. b3 Bb7 13. Ba3 c5 14. Nd6
Bc6 15. Rd2 Ne8 16. Rad1 f5 17. exf5 gxf5 18. Nh4 Bxg2 19. Ndxf5 Qg5 20. Kxg2
Nb8 21. Qe4 1-0

[Event "HSK Oster Open 2025"]
[Site "HSK Schachzentrum"]
[Date "2025.04.21"]
[Round "7.12"]
[White "Porth, Hartmut"]
[Black "Thürauf, Peter"]
[Result "1-0"]
[WhiteElo "1996"]
[BlackElo "1772"]
[PlyCount "65"]
[EventDate "2025.04.18"]

1. e4 c5 2. d3 d6 3. f4 Nc6 4. Nf3 g6 5. Be2 Bg7 6. O-O e6 7. c3 Nge7 8. Na3
O-O 9. Nc2 d5 10. e5 b6 11. Be3 Qc7 12. d4 c4 13. Bf2 Bd7 14. Bh4 Nf5 15. Bf6
Bxf6 16. exf6 Qd8 17. g4 Nd6 18. g5 Nf5 19. Qe1 h5 20. Nh4 Nd6 21. Bf3 Re8 22.
Qe2 Nf5 23. Qf2 Qc7 24. Nxf5 exf5 25. Bxd5 Be6 26. Bg2 Rad8 27. Ne3 Na5 28.
Rae1 b5 29. Nc2 Nb7 30. Re3 Nd6 31. Rfe1 Kf8 32. Nb4 Qc8 33. Re5 1-0

[Event "HSK Oster Open 2025"]
[Site "HSK Schachzentrum"]
[Date "2025.04.21"]
[Round "7.13"]
[White "Winklmann, Alexander"]
[Black "Soost, Stefan"]
[Result "0-1"]
[WhiteElo "1593"]
[BlackElo "1934"]
[PlyCount "62"]
[EventDate "2025.04.18"]

1. e4 c5 2. Nf3 Nc6 3. d4 cxd4 4. Nxd4 Nf6 5. Nc3 e5 6. Nf3 Bb4 7. Bd3 d5 8.
exd5 Nxd5 9. Bd2 Bxc3 10. Bxc3 Nxc3 11. bxc3 O-O 12. O-O Be6 13. Re1 f6 14. Rb1
Qc7 15. Rb2 Na5 16. Qd2 Rfd8 17. Qe2 Qxc3 18. Reb1 b6 19. Nd2 Qc7 20. Nb3 Nc4
21. Bxc4 Bxc4 22. Qe3 Rac8 23. Nd2 Bf7 24. Rc1 Bg6 25. Qb3+ Kh8 26. c4 Rd3 27.
Qb5 Rcd8 28. Qb4 a5 29. Qxb6 Rxd2 30. h3 Qxb6 31. Rxb6 Rc2 0-1

[Event "HSK Oster Open 2025"]
[Site "HSK Schachzentrum"]
[Date "2025.04.21"]
[Round "7.16"]
[White "Kollath, Leno"]
[Black "Skibbe, Kai"]
[Result "1/2-1/2"]
[WhiteElo "1705"]
[BlackElo "1840"]
[PlyCount "35"]
[EventDate "2025.04.18"]

1. e4 c6 2. d4 d5 3. exd5 cxd5 4. Bd3 Nc6 5. c3 Nf6 6. Nf3 Bg4 7. Bf4 e6 8.
Nbd2 Bd6 9. Bxd6 Qxd6 10. O-O O-O 11. h3 Bh5 12. Re1 Rab8 13. a4 a6 14. Qc2
Rfc8 15. Qd1 b5 16. Qe2 Bg6 17. Bxg6 hxg6 18. Ne5 1/2-1/2

[Event "HSK Oster Open 2025"]
[Site "HSK Schachzentrum"]
[Date "2025.04.21"]
[Round "7.17"]
[White "Erk, Ben"]
[Black "Pothast, Laurenz"]
[Result "1/2-1/2"]
[WhiteElo "1743"]
[BlackElo "1944"]
[PlyCount "47"]
[EventDate "2025.04.18"]

1. d4 c5 2. d5 Nf6 3. c4 b5 4. cxb5 a6 5. b6 Qxb6 6. Nc3 g6 7. e4 d6 8. Nf3 Bg7
9. Nd2 O-O 10. Be2 e6 11. dxe6 Bxe6 12. Bc4 Re8 13. Bxe6 Rxe6 14. O-O Nbd7 15.
Nc4 Qc7 16. f3 Nb6 17. Nxb6 Qxb6 18. a4 Nh5 19. a5 Qb8 20. Na4 Bd4+ 21. Kh1 Qd8
22. Qe1 Qf6 23. Nb6 Rae8 24. Nd5 1/2-1/2

[Event "HSK Oster Open 2025"]
[Site "HSK Schachzentrum"]
[Date "2025.04.21"]
[Round "7.18"]
[White "Alpers, Arne"]
[Black "Lasschuit, Rene"]
[Result "0-1"]
[WhiteElo "1922"]
[BlackElo "1701"]
[PlyCount "66"]
[EventDate "2025.04.18"]

1. d4 Nf6 2. c4 e6 3. Nf3 d5 4. Nc3 c5 5. cxd5 Nxd5 6. e4 Nxc3 7. bxc3 cxd4 8.
cxd4 Bb4+ 9. Bd2 Bxd2+ 10. Qxd2 Nd7 11. Bd3 b6 12. O-O Bb7 13. Rac1 O-O 14. Qf4
Rc8 15. Rxc8 Qxc8 16. Rc1 Qa8 17. Rc7 Nf6 18. e5 Nh5 19. Qg4 Bxf3 20. gxf3 g6
21. f4 Rc8 22. Be4 Qb8 23. Rb7 Rc1+ 24. Kg2 Qc8 25. Rxa7 Qc4 26. Kh3 Qxd4 27.
f3 Rg1 28. Rd7 Qf2 29. Rd8+ Kg7 30. Rd2 Qf1+ 31. Kh4 Rxg4+ 32. fxg4 Qe1+ 33.
Kg5 Qxd2 0-1